[Event "Tradewise Hastings Masters 2015-16"]
[Site "Hastings, England"]
[Date "2016.01.05"]
[Round "9.11"]
[White "Gluckman, Paul"]
[Black "Byron, Alan M"]
[Result "0-1"]
[WhiteElo "1742"]
[BlackElo "2175"]
[PlyCount "108"]
[EventDate "2016.??.??"]
[WhiteClock "0:47:20"]
[BlackClock "0:03:10"]

1. e4 c5 2. Nf3 d6 3. Nc3 a6 4. a4 Nc6 5. Be2 g6 6. d4 cxd4 7. Nxd4 Bg7 8. Be3
Bd7 9. O-O Nf6 10. Nb3 Na5 11. Nxa5 Qxa5 12. f4 Bc6 13. Bf3 O-O 14. Qe1 Rfe8
15. Kh1 Rac8 16. Bd2 Qc7 17. Qf2 Nd7 18. Bg4 Rb8 19. Rae1 Rf8 20. Bf3 b5 21.
axb5 axb5 22. Be3 b4 23. Nd1 Ba4 24. b3 Bb5 25. Be2 Qxc2 26. Bxb5 Qxf2 27. Nxf2
Rxb5 28. Nd3 Bc3 29. Rc1 Ra8 30. Rc2 Ra3 31. Nc1 Nf6 32. e5 dxe5 33. fxe5 Ng4
34. Bd2 Bxd2 35. Rxd2 Nxe5 36. Kg1 Ra1 37. Na2 Rxf1+ 38. Kxf1 Ng4 39. Rd4 Ne3+
40. Kf2 Nd5 41. Ke2 e6 42. Kd3 h5 43. Kc4 Rb8 44. g3 Kf8 45. h3 Ke7 46. g4 hxg4
47. hxg4 g5 48. Re4 Kd6 49. Re1 Rc8+ 50. Kd4 Rc2 51. Nc1 Rc3 52. Rf1 e5+ 53.
Ke4 Ke6 54. Nd3 Nf6+ {Kd4} 0-1

[Event "Tradewise Hastings Masters 2015-16"]
[Site "Hastings, England"]
[Date "2016.01.05"]
[Round "9.12"]
[White "Crocker, Philip J"]
[Black "Pickersgill, Adrian O"]
[Result "1/2-1/2"]
[WhiteElo "2169"]
[BlackElo "1986"]
[PlyCount "137"]
[EventDate "2016.??.??"]
[WhiteClock "0:31:12"]
[BlackClock "0:19:59"]

1. c4 e5 2. g3 d6 3. Bg2 f5 4. Nc3 Nf6 5. d3 c6 6. e4 Na6 7. Nge2 Be7 8. O-O
O-O 9. b3 Nc7 10. Ba3 Be6 11. exf5 Bxf5 12. d4 Qe8 13. Qd2 Rd8 14. f4 e4 15.
Nd1 d5 16. Bxe7 Qxe7 17. Ne3 g6 18. h3 Bc8 19. g4 Rf7 20. c5 Rdf8 21. Ng3 h6
22. a4 Nce8 23. b4 a6 24. Rf2 Qc7 25. Raf1 Ng7 26. Ne2 Qe7 27. Nc3 Qc7 28. b5
axb5 29. axb5 Kh8 30. b6 Qe7 31. Ne2 Kg8 32. Ng3 Kh8 33. f5 g5 34. Ra1 Nh7 35.
Bf1 Ne6 36. Nh5 Ng7 37. Nxg7 Kxg7 38. Rh2 Qf6 39. Be2 Rh8 40. Nf1 Qe7 41. Qe3
Rff8 42. Ra7 Rf7 43. Ng3 Kg8 44. Kf2 Nf6 45. Ra8 Rf8 46. Ke1 Qg7 47. Kd2 Rh7
48. Kc3 Bd7 49. Ra7 Bc8 50. h4 gxh4 51. Rxh4 Qg5 52. Qxg5+ hxg5 53. Rxh7 Nxh7
54. Nh5 Nf6 55. Nxf6+ Rxf6 56. Ra8 Rf8 57. Ra1 Kg7 58. Rh1 Rg8 59. Rh5 Kf7 60.
Kd2 Rg7 61. Ke3 Rg8 62. Bf1 Rg7 63. Bg2 Rg8 64. Bh1 Kf6 65. Rh6+ Kf7 66. Rh7+
Rg7 67. Rh8 Rg8 68. Rxg8 Kxg8 69. Bg2 1/2-1/2

[Event "Tradewise Hastings Masters 2015-16"]
[Site "Hastings, England"]
[Date "2016.01.05"]
[Round "9.13"]
[White "Burrows, Martin P"]
[Black "Gallagher, Daniel GH"]
[Result "1-0"]
[WhiteElo "2145"]
[BlackElo "2010"]
[PlyCount "119"]
[EventDate "2016.??.??"]
[WhiteClock "0:36:33"]
[BlackClock "0:38:40"]

1. c4 g6 2. Nc3 Bg7 3. d4 Nf6 4. e4 d6 5. h3 O-O 6. Be3 e5 7. d5 a5 8. Nf3 Na6
9. Be2 Nd7 10. g4 Ndc5 11. Qd2 c6 12. O-O-O cxd5 13. Qxd5 a4 14. Qxd6 Qa5 15.
Qd2 Nb4 16. Nd5 Nc6 17. Qxa5 Rxa5 18. Nd2 f5 19. f3 Nd4 20. Rhe1 Be6 21. Bxd4
exd4 22. Nf4 Bd7 23. Nd3 Rc8 24. Kb1 Nxd3 25. Bxd3 fxg4 26. hxg4 Rac5 27. b4
axb3 28. Nxb3 R5c7 29. g5 Be6 30. e5 Bxc4 31. Bxc4+ Rxc4 32. Rxd4 Rxd4 33. Nxd4
Re8 34. f4 h6 35. gxh6 Bxh6 36. f5 gxf5 37. Nxf5 Bf4 38. e6 Kh7 39. Re4 Bc7 40.
Rc4 Be5 41. Rb4 Rxe6 42. Rxb7+ Kg6 43. Ne7+ Kf6 44. Nd5+ Kf5 45. Kc2 Ke4 46.
Rb5 Rh6 47. Kb3 Rh2 48. Nb4 Rb2+ 49. Ka4 Bc3 50. a3 Kd4 51. Rh5 Bxb4 52. axb4
Kc4 53. Rc5+ Kd4 54. Rc8 Ra2+ 55. Kb5 Rb2 56. Ka5 Ra2+ 57. Kb6 Kd5 58. b5 Rb2
59. Ka6 Ra2+ 60. Kb7 1-0

[Event "Tradewise Hastings Masters 2015-16"]
[Site "Hastings, England"]
[Date "2016.01.05"]
[Round "9.14"]
[White "Cafferty, Bernard"]
[Black "Golding, Alex"]
[Result "1/2-1/2"]
[WhiteElo "2096"]
[BlackElo "1955"]
[PlyCount "53"]
[EventDate "2016.??.??"]
[WhiteClock "1:08:12"]
[BlackClock "1:20:36"]

1. Nf3 Nf6 2. b3 e6 3. Bb2 Be7 4. c4 c5 5. Nc3 d5 6. e3 O-O 7. cxd5 exd5 8. d4
Bg4 9. Be2 cxd4 10. Nxd4 Bxe2 11. Qxe2 Nc6 12. Nxc6 bxc6 13. O-O Qa5 14. Rfd1
Ba3 15. Rac1 Rac8 16. Na4 Bxb2 17. Qxb2 c5 18. Qd2 Qxd2 19. Rxd2 d4 20. Rxc5
Rxc5 21. Nxc5 dxe3 22. fxe3 Re8 23. e4 g6 24. Rd4 Rc8 25. e5 Ng4 26. Rxg4 Rxc5
27. Ra4 1/2-1/2

[Event "Tradewise Hastings Masters 2015-16"]
[Site "Hastings, England"]
[Date "2016.01.05"]
[Round "9.15"]
[White "Willson, Ollie"]
[Black "Goater, Kevin P"]
[Result "1/2-1/2"]
[WhiteElo "2033"]
[BlackElo "2141"]
[PlyCount "118"]
[EventDate "2016.??.??"]
[WhiteClock "0:05:48"]
[BlackClock "0:03:15"]

1. d4 g6 2. c4 Bg7 3. Nc3 c5 4. Nf3 cxd4 5. Nxd4 Nc6 6. Nxc6 bxc6 7. e4 Rb8 8.
Be2 Qa5 9. Qc2 Qb4 10. O-O d6 11. Na4 Nf6 12. Bd2 Qb7 13. Rab1 O-O 14. b3 Bd7
15. Rbd1 Ne8 16. Bg5 f6 17. Be3 c5 18. Nc3 Kh8 19. Qd2 Bc6 20. f3 f5 21. Bd3
Bd4 22. Bxd4+ cxd4 23. Nd5 e6 24. Nf4 Ng7 25. Rde1 e5 26. Nd5 f4 27. Rb1 Ne6
28. b4 g5 29. b5 Bxd5 30. exd5 Nc5 31. Bc2 h5 32. Kh1 Qg7 33. Rbd1 Rb7 34. Qe2
Re7 35. Rfe1 Qf6 36. Rxd4 e4 37. Rxe4 Nxe4 38. Bxe4 Qc3 39. Rd1 Rc8 40. h3 Qxc4
41. Qb2+ Qc3 42. Qb1 Rc4 43. Bg6 Re5 44. Bxh5 Qc2 45. Qa1 Kh7 46. Rg1 Ra4 47.
a3 Qb3 48. Rc1 Kh6 49. Bf7 Rxa3 50. Qd4 Qa4 51. Qb2 Qb3 52. Qd4 Qd3 53. Qb2 Rb3
54. Qa1 Qe3 55. Rg1 Kg7 56. Be6 Ra3 57. Qb1 Qb3 58. Qc1 Qc3 59. Qb1 Rb3 1/2-1/2

[Event "Tradewise Hastings Masters 2015-16"]
[Site "Hastings, England"]
[Date "2016.01.05"]
[Round "9.17"]
[White "Rice, Chris B"]
[Black "Waddington, Mike P"]
[Result "1-0"]
[WhiteElo "1956"]
[BlackElo "2066"]
[PlyCount "107"]
[EventDate "2016.??.??"]
[WhiteClock "0:03:17"]
[BlackClock "0:20:11"]

1. c4 e5 2. g3 Nf6 3. Bg2 d5 4. cxd5 Nxd5 5. Nc3 Nb6 6. Nf3 Nc6 7. O-O Be7 8.
a3 a5 9. d3 O-O 10. Be3 Be6 11. Rc1 Nd5 12. Nxd5 Bxd5 13. Qa4 f6 14. Qb5 Re8
15. Nd2 Bxg2 16. Kxg2 Qc8 17. Ne4 f5 18. Nc5 Bxc5 19. Bxc5 f4 20. f3 Re6 21.
Bf2 Rh6 22. g4 Rb8 23. Rc2 Qd7 24. Rfc1 Rg6 25. h3 h5 26. Qc4+ Kh8 27. Qe4 Qf7
28. b4 axb4 29. axb4 hxg4 30. fxg4 Rc8 31. b5 Nd8 32. Rc5 Re6 33. Rxe5 Rxe5 34.
Qxe5 Ne6 35. Rc4 Rd8 36. Qe4 Rd6 37. Ra4 g6 38. Bd4+ Kh7 39. Be5 Rb6 40. Ra8
Ng7 41. Rc8 Ne8 42. Bxf4 Re6 43. Be5 Qd7 44. Ra8 Qxb5 45. d4 c6 46. Rd8 Qb4 47.
g5 Kg8 48. Rd7 Qd2 49. h4 Qb4 50. Kh2 b5 51. h5 Qe1 52. Kg2 Qd2 53. Qg4 Qa2 54.
h6 1-0

[Event "Tradewise Hastings Masters 2015-16"]
[Site "Hastings, England"]
[Date "2016.01.05"]
[Round "9.18"]
[White "Brown, Thomas"]
[Black "Spanton, Tim R"]
[Result "1-0"]
[WhiteElo "2066"]
[BlackElo "1936"]
[PlyCount "122"]
[EventDate "2016.??.??"]

1. Nf3 d5 2. c4 e6 3. g3 Nf6 4. Bg2 c5 5. cxd5 Nxd5 6. O-O Nc6 7. Nc3 Be7 8.
Nxd5 Qxd5 9. d3 O-O 10. Bd2 Bf6 11. Bc3 Bxc3 12. bxc3 Qd6 13. Qa4 Bd7 14. Qa3
Qe7 15. Nd2 b6 16. d4 Rac8 17. dxc5 Qxc5 18. Qxc5 bxc5 19. Rab1 Na5 20. Ne4 Nc4
21. Rb7 Bc6 22. Rxa7 Ra8 23. Rxa8 Rxa8 24. Rd1 Kf8 25. Nxc5 Bxg2 26. Kxg2 Rxa2
27. Rd4 Nd2 28. Ne4 Nb3 29. Rb4 Rxe2 30. Ng5 Nc1 31. Nxh7+ Ke7 32. Rb7+ Ke8 33.
Rb8+ Ke7 34. Rb7+ Ke8 35. Kf1 Re5 36. Rb8+ Ke7 37. Rb7+ Ke8 38. h4 Nd3 39. Rb8+
Ke7 40. Rb7+ Ke8 41. Ng5 f6 42. Nf3 Rf5 43. Ke2 Nc1+ 44. Ke3 Kf8 45. Nd4 Re5+
46. Kd2 Na2 47. Rb2 Rd5 48. Rxa2 e5 49. Kd3 exd4 50. cxd4 Kf7 51. Ke4 Rb5 52.
Rd2 f5+ 53. Kd3 Ke6 54. Kc4 Rd5 55. Rb2 Rd6 56. Re2+ Kd7 57. Re5 Rc6+ 58. Rc5
Rf6 59. Kd3 g6 60. Ra5 Rd6 61. h5 Ke7 {Ke4} 1-0

[Event "Tradewise Hastings Masters 15-16"]
[Site "Hastings, England"]
[Date "2016.01.05"]
[Round "9"]
[White "Stonehouse, Tom H"]
[Black "Norinkeviciute, Rasa"]
[Result "0-1"]
[WhiteElo "1778"]
[BlackElo "2036"]
[PlyCount "66"]
[EventDate "2016.??.??"]

1. e4 c5 2. Nf3 d6 3. d4 cxd4 4. Nxd4 Nf6 5. Nc3 a6 6. Bg5 Nbd7 7. f4 Qc7 8.
Qf3 h6 9. Bxf6 Nxf6 10. O-O-O Bg4 11. Nd5 Nxd5 12. Qxg4 Ne3 13. Qg3 Nxd1 14.
Kxd1 g6 15. f5 gxf5 16. exf5 Qc5 17. Qd3 Bg7 18. Nb3 Qe5 19. c3 O-O 20. Be2
Rac8 21. Bf3 Rc7 22. h4 b5 23. g4 b4 24. g5 bxc3 25. f6 c2+ 26. Kc1 Qf4+ 27.
Nd2 exf6 28. g6 f5 29. Bd5 Kh8 30. Bxf7 Qe5 31. Qb3 Rc5 32. Bc4 d5 33. Bxa6 Rb8
0-1

[Event "Tradewise Hastings Masters 15-16"]
[Site "Hastings, England"]
[Date "2016.01.05"]
[Round "9"]
[White "Evans, Helen I"]
[Black "Larsen, Andreas"]
[Result "0-1"]
[WhiteElo "1577"]
[BlackElo "1998"]
[PlyCount "92"]
[EventDate "2016.??.??"]

1. e4 c6 2. Nf3 d5 3. exd5 cxd5 4. Ne5 Qa5 5. c3 Nd7 6. Nxd7 Bxd7 7. d4 Nf6 8.
Bd3 h5 9. Nd2 Rc8 10. Qb3 e6 11. a4 Bd6 12. Nf3 Qc7 13. Qc2 h4 14. Qe2 h3 15.
g3 a6 16. Ne5 Kf8 17. f4 Be8 18. Bd2 Ng8 19. Rf1 Ne7 20. f5 f6 21. fxe6 Kg8 22.
Nf3 Bh5 23. O-O-O b5 24. axb5 axb5 25. Bxb5 Qa5 26. Bd3 Qa1+ 27. Kc2 Qa4+ 28.
Kc1 Be8 29. Be1 Qa1+ 30. Kd2 Qxb2+ 31. Ke3 Qa3 32. Qc2 Ba4 33. Qb1 Rb8 34. Qc1
Bxd1 35. Qxd1 Rb2 36. Bc2 Qa2 37. Rf2 Rh6 38. Nh4 f5 39. Qd3 Rxe6+ 40. Kd2 Qa1
41. Nf3 Re4 42. Rf1 Ng6 43. Ng5 Qa2 44. Nxh3 Rxc2+ 45. Qxc2 Re2+ 46. Kxe2 Qxc2+
0-1

[Event "Tradewise Hastings Masters 15-16"]
[Site "Hastings, England"]
[Date "2016.01.05"]
[Round "9"]
[White "Macrae, James S"]
[Black "Dennis, Nigel W"]
[Result "0-1"]
[WhiteElo "1693"]
[BlackElo "1820"]
[PlyCount "144"]
[EventDate "2016.??.??"]

1. e4 c5 2. Nf3 e6 3. c3 d5 4. exd5 Qxd5 5. c4 Qd8 6. Nc3 Nc6 7. d3 Nf6 8. g3
Be7 9. Bg2 O-O 10. O-O a6 11. a3 h6 12. Qc2 Qc7 13. Rd1 Rd8 14. b3 b6 15. Bb2
Bb7 16. Rd2 Rd7 17. Rad1 Rad8 18. Ne4 Nd4 19. Nxd4 cxd4 20. Re1 Kf8 21. Rde2
Nxe4 22. Bxe4 Bxe4 23. Rxe4 Bf6 24. Bc1 Qc5 25. b4 Qh5 26. Qa4 a5 27. Bf4 Qf3
28. Qd1 Qxd1 29. Rxd1 axb4 30. axb4 Ra7 31. Be5 Bxe5 32. Rxe5 Ke7 33. Re2 Rda8
34. Rc2 Ra4 35. b5 Kd6 36. Kg2 Ra2 37. Rdd2 Rxc2 38. Rxc2 Ra3 39. Rd2 e5 40. h4
f5 41. f3 g6 42. Kf2 Kc5 43. Ke2 e4 44. fxe4 fxe4 45. g4 exd3+ 46. Rxd3 Ra2+
47. Kd1 Kxc4 48. Rf3 Rg2 49. Rf6 Rxg4 50. Rxb6 Rxh4 51. Rxg6 Kxb5 52. Kd2 Kc4
53. Rc6+ Kd5 54. Rc8 Ke4 55. Re8+ Kf3 56. Rf8+ Rf4 57. Rh8 Rf6 58. Kd3 Rd6 59.
Rh7 Kg4 60. Rh8 Kh4 61. Rh7 h5 62. Rg7 Kh3 63. Rg8 h4 64. Rg7 Kh2 65. Rg8 h3
66. Rg7 Kh1 67. Rg3 h2 68. Rg4 Ra6 69. Rg5 Ra1 70. Kxd4 Rg1 71. Rh5 Kg2 72.
Rg5+ Kf3 0-1

[Event "Tradewise Hastings Masters 15-16"]
[Site "Hastings, England"]
[Date "2016.01.05"]
[Round "9"]
[White "Gibbs, Daniel C"]
[Black "Kearsley, Raymond J"]
[Result "1-0"]
[WhiteElo "1796"]
[BlackElo "1723"]
[PlyCount "53"]
[EventDate "2016.??.??"]

1. e4 c5 2. Nf3 g6 3. d4 cxd4 4. Nxd4 Nc6 5. Nc3 Bg7 6. Be3 Nf6 7. Bc4 O-O 8.
Bb3 Na5 9. Bxf7+ Kxf7 10. e5 Ng8 11. Qf3+ Ke8 12. Qe4 Nc6 13. Nf3 Rxf3 14. gxf3
Bxe5 15. Nd5 Nf6 16. Nxf6+ Bxf6 17. c3 d5 18. Qa4 Kf7 19. f4 Bg4 20. Rg1 Bf3
21. Rg3 Be4 22. Rd1 e6 23. Bc1 Na5 24. b3 Rc8 25. c4 Qc7 26. Be3 dxc4 27. Rd7+
1-0

[Event "Tradewise Hastings Masters 15-16"]
[Site "Hastings, England"]
[Date "2016.01.05"]
[Round "9"]
[White "Wilson, Matthew R"]
[Black "Borland, Scott"]
[Result "1/2-1/2"]
[WhiteElo "1877"]
[BlackElo "1651"]
[PlyCount "84"]
[EventDate "2016.??.??"]

1. e4 c6 2. d4 d5 3. exd5 cxd5 4. Bd3 Nc6 5. c3 Nf6 6. Bf4 Bg4 7. Qb3 Qd7 8.
Nd2 e6 9. Ngf3 Qc8 10. O-O Be7 11. Rfe1 O-O 12. Ne5 Bh5 13. Ndf3 Nxe5 14. Nxe5
Bg6 15. Nxg6 hxg6 16. Qd1 Qd7 17. Be5 Qc6 18. Qf3 Nd7 19. Bf4 Bd6 20. Be3 Qc7
21. h4 Nf6 22. Bg5 Be7 23. g3 Rfe8 24. Kg2 Rad8 25. Rh1 Nh5 26. Be3 Bd6 27. Bb5
Re7 28. Bd3 Ree8 29. Bg5 Rc8 30. Rae1 Rf8 31. Rh3 Rce8 32. Qd1 Rb8 33. Be2 Qb6
34. Bc1 Nf6 35. Reh1 Rfc8 36. h5 gxh5 37. Bxh5 Kf8 38. Bf3 Ke7 39. Qe2 Qc6 40.
Bg5 Qc4 41. Qc2 Qxa2 42. Qe2 Qc4 1/2-1/2

[Event "Tradewise Hastings Masters 2015-16"]
[Site "Hastings, England"]
[Date "2016.01.05"]
[Round "9.16"]
[White "Dean, Michael J"]
[Black "Ruane, Brendan J"]
[Result "0-1"]
[WhiteElo "1562"]
[BlackElo "1794"]
[PlyCount "36"]
[EventDate "2016.??.??"]
[WhiteClock "0:42:27"]
[BlackClock "1:13:22"]

1. e4 d6 2. d4 Nf6 3. Nc3 c6 4. f4 Qa5 5. Bd2 e5 6. Nd5 Qd8 7. Nxf6+ Qxf6 8.
dxe5 dxe5 9. g3 exf4 10. Bxf4 Qxb2 11. Nf3 Bg4 12. Be2 Qc3+ 13. Bd2 Qc5 14. Qc1
Nd7 15. Be3 Qb4+ 16. Bd2 Qxe4 17. O-O Bc5+ 18. Kg2 Qxe2+ 0-1